000 00471nam a2200181Ia 4500
008 240925s9999 xx 000 0 und d
020 _a9814126845
082 _a621.3825 PRA
100 _aPratt , Timothy
245 0 _aSatellite Communications
250 _a2nd
260 _aNew Delhi:
_bJohn Wiley & Sons
_c,2003.
300 _ax,609p.
_bNA
_fOriginal
500 _aIncludes Index
600 _aTelecommunication Engineering
650 _aTechnology
942 _cBK
999 _c9987
_d9987